1027 1517 1038 1192 1464 1104 1250 1568 1068 1546 1102 1123 1106 1885 1504 1812 1982 1693 1187 1864 1320 1754 1965 1870 1950 1195 1652 1096 1707 1849 1416 1743 1989 1417 1320 1828 1249 1211 1902 1247 1497 1903 1761 1908 1982 1679 1417 1795 1857 1582 1493 1817 1991 1957 1108 1744 1646 1755 1647 1875 1418 1024 1975 1240 1031 1007 1231 1267 1852 1113 1428 1565 1504 1481 1982 1778 1909 1235 1622 1715 1298 1179 1546 1751 1670 1357 1722 1172 1242 1375 1007 1624 1956 1801 1335 1231 1237 1162 1857 BCNSPRNW ULIB Ver.6.0+V

เปลี่ยนเป็นภาษาไทย

Change to English
 แสดงรายละเอียดบรรณานุกรม
  กลับหน้าหลัก

Brief Record : Get Marc (ISO 2709) : E-mail record : QR code < ปิดหน้าต่าง
LEADER : 00000nam 2200000uu 4500
001    13399123858
003     ULIB
008    020711s2543 th a 000 0 tha d
020    9789990038149
020    9742932247
060    WY100^bท363ป
100    ทัศนา บุญทอง,^eบรรณาธิการ
245    ปฏิรูประบบบริการการพยาบาล/^cสภาการพยาบาล
250    พิมพ์ครั้งที่ 3
260    กรุงเทพฯ :^bสภาการพยาบาล,^c2543
300    84 หน้า;^b21 ซม.
650    การพยาบาล^xให้บริการ
650    สาธารณสุข
650    สุขภาพ
710    สภาการพยาบาล
945    ^p50^l0^i22401
945    ^p50^l0^i22402
945    ^p50^l0^i22403
945    ^p50^l0^i22404
945    ^p50^l0^i22405
945    ^p50^l0^i22406
945    ^p50^l0^i22407
945    ^p50^l0^i22408
945    ^p50^l0^i22409
945    ^p50^l0^i22410
รายการนี้ยังไม่มีแท็ก
คุณยังไม่ได้ล็อกอิน คุณสามารถมีกิจกรรมร่วมกับเว็บไซต์ได้ แต่ต้องล็อกอินก่อน ::
  ล็อกอิน

รายการสื่อสารสนเทศ

ลำดับที่ ประเภท เลขเรียก/บาร์โค้ด สถานที่ สถานะ
1. Book การพยาบาล
Book การพยาบาล
สถานะ=หนังสือเก่า
WY100 ท363ป ฉ.1 
  Barcode: 22401
ห้องสมุดวิทยาเขตนครสวรรค์
►ส่วนจัดเก็บหนังสือเก่า นว.
บนชั้น
  ขอยืม
2. Book การพยาบาล
Book การพยาบาล
สถานะ=หนังสือเก่า
WY100 ท363ป ฉ.10 
  Barcode: 22410
ห้องสมุดวิทยาเขตนครสวรรค์
►ส่วนจัดเก็บหนังสือเก่า นว.
บนชั้น
  ขอยืม
3. Book การพยาบาล
Book การพยาบาล
สถานะ=หนังสือเก่า
WY100 ท363ป ฉ.2 
  Barcode: 22402
ห้องสมุดวิทยาเขตนครสวรรค์
►ส่วนจัดเก็บหนังสือเก่า นว.
บนชั้น
  ขอยืม
4. Book การพยาบาล
Book การพยาบาล
สถานะ=หนังสือเก่า
WY100 ท363ป ฉ.3 
  Barcode: 22403
ห้องสมุดวิทยาเขตนครสวรรค์
►ส่วนจัดเก็บหนังสือเก่า นว.
บนชั้น
  ขอยืม
5. Book การพยาบาล
Book การพยาบาล
สถานะ=หนังสือเก่า
WY100 ท363ป ฉ.4 
  Barcode: 22404
ห้องสมุดวิทยาเขตนครสวรรค์
►ส่วนจัดเก็บหนังสือเก่า นว.
บนชั้น
  ขอยืม
6. Book การพยาบาล
Book การพยาบาล
สถานะ=หนังสือเก่า
WY100 ท363ป ฉ.5 
  Barcode: 22405
ห้องสมุดวิทยาเขตนครสวรรค์
►ส่วนจัดเก็บหนังสือเก่า นว.
บนชั้น
  ขอยืม
7. Book การพยาบาล
Book การพยาบาล
สถานะ=หนังสือเก่า
WY100 ท363ป ฉ.6 
  Barcode: 22406
ห้องสมุดวิทยาเขตนครสวรรค์
►ส่วนจัดเก็บหนังสือเก่า นว.
บนชั้น
  ขอยืม
8. Book การพยาบาล
Book การพยาบาล
สถานะ=หนังสือเก่า
WY100 ท363ป ฉ.7 
  Barcode: 22407
ห้องสมุดวิทยาเขตนครสวรรค์
►ส่วนจัดเก็บหนังสือเก่า นว.
บนชั้น
  ขอยืม
9. Book การพยาบาล
Book การพยาบาล
สถานะ=หนังสือเก่า
WY100 ท363ป ฉ.8 
  Barcode: 22408
ห้องสมุดวิทยาเขตนครสวรรค์
►ส่วนจัดเก็บหนังสือเก่า นว.
บนชั้น
  ขอยืม
10. Book การพยาบาล
Book การพยาบาล
สถานะ=หนังสือเก่า
WY100 ท363ป ฉ.9 
  Barcode: 22409
ห้องสมุดวิทยาเขตนครสวรรค์
►ส่วนจัดเก็บหนังสือเก่า นว.
บนชั้น
  ขอยืม

รายการใกล้เคียง
    หัวเรื่อง [สาธารณสุข]
    หัวเรื่อง [สุขภาพ]

BibComment


ยังไม่เคยถูกคอมเมนท์

คอมเมนท์ทรัพยากรรายการนี้
  คอมเมนท์: ปฏิรูประบบบริการก..


 Copyright 2026. Bcnsprnw @Library